000
002700000a22001330004500
003
MACL
040
_a
MACL
090
_c
36385
_d
36383
100
_a
Gullick, J M
245
_a
Malaya
260
_b
Ernest Benn Limited
_c
1963
650
_a
History
942
_c
BOOK
_k
954/Gul
999
_c
35992
_d
35992